The Archaeology of Syria (Record no. 575776)

MARC details
000 -LEADER
fixed length control field 01186nam a2200169Ia 4500
008 - FIXED-LENGTH DATA ELEMENTS--GENERAL INFORMATION
fixed length control field 250714s9999 xx 000 0 und d
020 ## - INTERNATIONAL STANDARD BOOK NUMBER
ISBN 9780521796668
082 ## - DEWEY DECIMAL CLASSIFICATION NUMBER
Classification number 939.43
Item number AKK
100 ## - MAIN ENTRY--AUTHOR NAME
Personal name Akkermans, Peter M. M. G.
245 #4 - TITLE STATEMENT
Title The Archaeology of Syria
260 ## - PUBLICATION, DISTRIBUTION, ETC. (IMPRINT)
Name of publisher Cambridge University Press
Year of publication 2003
300 ## - PHYSICAL DESCRIPTION
Number of Pages 490 pages
500 ## - GENERAL NOTE
General note This was the first book to present a comprehensive review of the archaeology of Syria from the end of the Paleolithic period to 300 BC. Syria has become a prime focus of field archaeology in the Middle East in the past thirty years, and Peter Akkermans and Glenn Schwartz discuss the results of this intensive fieldwork, integrating them with earlier research. Alongside the major material culture types of each period, they examine important contributions of Syrian archaeology to issues like the onset of agriculture, the emergence of private property and social inequality, the rise and collapse of urban life, and the archaeology of early empires. All competing interpretations are set out and considered, alongside the authors' own perspectives and conclusions.
650 ## - SUBJECT ADDED ENTRY--TOPICAL TERM
Topical Term History
942 ## - ADDED ENTRY ELEMENTS (KOHA)
Koha item type English Books
Holdings
Withdrawn status Lost status Damaged status Not for loan Home library Current library Shelving location Date acquired Full call number Accession Number Price effective from Koha item type
        Anna Centenary Library Anna Centenary Library 7TH FLOOR, B WING 14.07.2025 939.43 AKK 240406 14.07.2025 English Books

Find us on the map